000 00627nam a2200241Ia 4500
003 OSt
005 20221007072451.0
006 a|||||r|||| 00| 0
007 ta
008 221006b |||||||| |||| 00| 0 eng d
024 _a25,163
037 _cTextual
040 _aFLL
_cFLL
_beng
041 _2eng
_aeng
082 _aZ3:9592, F0
100 _aPhillipson Coleman
_977682
245 0 _aTreatise on damages
250 _a9th
260 _aLondon
_bSweet & Maxwell , Limited UK
_c1920
300 _alii,644p
_ccm.
942 _hZ3:9592, F0
_cTEXL
_2CC
999 _c1146158
_d1146158